000 00592nam a22002297a 4500
003 UA-OsUOA
001 242
007 ta
008 20050525b un ||||| |||| 00| 0 ukr d
100 _aПушкин А.
090 _a821.161.1
_bП91
942 _cBK
040 _aUA-OsUOA
_brus
_cUA-OsUOA
_dUA-OsUOA
245 _aИзбранные произведения
300 _a204 с.
955 _a3
041 _arus
080 _a821.161.1
260 _aМ.
_bДет.лит.
_c1964
650 7 _a82 Література. Літературознавство
_2UDC
999 _c286406
_d286406